[Event "Nordic-ch U20 Girls"]
[Site "Haraldsheim"]
[Date "2008.04.18"]
[Round "1"]
[White "Johannsdottir, Johanna Bjorg"]
[Black "Havshoj, Lisa"]
[Result "1-0"]
[WhiteElo "1664"]
[BlackElo "1269"]
[PlyCount "49"]
[EventDate "2008.04.18"]
[EventType "team-tourn"]
[EventRounds "9"]
[EventCountry "NOR"]
[SourceTitle "CBM 123 Extra"]
[Source "ChessBase"]
[SourceDate "2008.05.06"]
[SourceVersion "1"]
[SourceVersionDate "2008.05.06"]
[SourceQuality "1"]

1. e4 e5 2. Nf3 Nc6 3. Bc4 Bc5 4. c3 Nf6 5. d4 exd4 6. e5 d5 7. Bb5 Ne4 8. cxd4 Bb4+ 9. Bd2 Bxd2+ 10. Nbxd2 Nxd2 11. Bxc6+ bxc6 12. Qxd2 0-0 13. 0-0 Qe7 14. Qc3 Bb7 15. Nd2 Rfe8 16. Nb3 Rab8 17. Rfc1 Qh4 18. Qd2 Re6 19. Rc3 f6 20. Nc5 Re7 21. Rb3 fxe5 22. dxe5 Rxe5 23. Nd7 Rbe8 24. Nxe5 Ba6 25. Nxc6 1-0